| 000 | 00736na a2200229 4500 | ||
|---|---|---|---|
| 001 | 15091 | ||
| 003 | MIRAKIL | ||
| 005 | 20181213155203.0 | ||
| 008 | 160905b tu 000 0 | ||
| 035 | _a15091 | ||
| 040 |
_aMilas _btur _cTR-AnCHP |
||
| 082 |
_aATA 956.1024 _bA72y 1998 |
||
| 090 | _aATA 956.1024 A72y 1998 | ||
| 100 |
_aAtatürk, Mustafa Kemal _d1881-1838 |
||
| 245 |
_aYarın Cumhuriyet'i İlan edeceğiz (Söylev'den) _cMustafa Kemal Atatürk |
||
| 260 |
_a[y. y.] _bYeni Gün Haber Ajansı _c1998 |
||
| 300 |
_a112 s. _c18 sm. |
||
| 600 |
_aAtatürk, Mustafa Kemal _d1881-1938 _xSöylev ve demeçler |
||
| 650 |
_aSiyaset ve yönetim _zTürkiye |
||
| 651 |
_aTürkiye _xTarih _yKurtuluş Savaşı |
||
| 942 |
_2dcc _cBKS |
||
| 999 |
_c8203 _d8203 |
||